000
00313nam a22001337a 4500
999
_c
166306
_d
166306
082
_a
_b
100
_a
William Kelleher Storey
245
_a
Writing history a guide for students/
_c
by William Kelleher Storey.
260
_a
_b
Oxford,
_c
1999.
300
_a
118p.
650
_a
700
_a
942
_c
BK